000 00314nam a22001337a 4500
008 170831b xxu||||| |||| 00| 0 eng d
020 _a9780205743377
041 _aeng
080 _24TH
_a070
100 _a40
101 _aMED
245 _aGOOD REASONS WITH CONTEMPORARY ARGUMENTS
_cFAIGLEY,L
942 _2udc
_cBK
999 _c25734
_d25734